| 000 | 00483nam a2200157 4500 | ||
|---|---|---|---|
| 008 | s1995 us fre u | ||
| 040 | _aLB-BrCRDP | ||
| 082 | 1 |
_a420 _bKRA. |
|
| 100 | 1 | _aKRAL, Thomas | |
| 245 | 1 | 0 |
_aCreative classroom activities _bEnglish teaching forum _cThomas KRAL |
| 260 |
_aSeattle (USA) _bUnited states department of state _c1995 |
||
| 300 |
_a163 p. _c21*27 cm. |
||
| 500 | _a1989-1993 | ||
| 942 | _cBK | ||
| 999 |
_c16222 _d16222 |
||